Statystyki dla Marki telefonów komórkowych

Kliknij tutaj aby rozwiązać quiz!

Ogólne statystyki

  • Ten quiz został rozwiązany 5 083 razy
    (4 690 od ostatniego zresetowania)
  • Średni wynik to 10 z 53

Statystyki odpowiedzi

LpOdpowiedź% Poprawnych
1Samsung
98%
6Apple
81%
8Nokia
81%
2Huawei
77%
3Xiaomi
73%
7Motorola
66%
4LG
58%
11Oppo
52%
9Sony
48%
14Lenovo
30%
19Realme
30%
13HTC
22%
16Asus
20%
25Microsoft
18%
24BlackBerry
17%
17Vivo
17%
12Alcatel
16%
20myPhone
15%
44Google
13%
38Hammer
12%
15OnePlus
12%
41CAT
11%
10Honor
11%
32Philips
10%
42Panasonic
9%
43Siemens
9%
31BLU
7%
48Manta
7%
18ZTE
7%
51Sagem
5%
5Toshiba
5%
29Kruger&Matz
4%
22MaxCom
4%
35Sharp
4%
27Cubot
3%
23Doogee
3%
21Meizu
3%
33Blackview
2%
52Kiano
2%
36Ulefone
2%
34Wiko
2%
46Allview
1%
47Archos
1%
45Coolpad
1%
30Fly
1%
49Fujitsu
1%
28Hisense
1%
39Oukitel
1%
40Umidigi
1%
50AEG
0%
26Itel
0%
37Kyocera
0%
53Uhans
0%

Rozkład punktacji

Percentyl według liczby udzielonych odpowiedzi

Procent ludzi z każdym wynikiem

Twoja historia wyników

Nie rozwiązałeś tego quizu od ostatniego zresetowania